00552nam a2200157 a 450000100100000000500170001000800410002704000250006810000360009324500670012925000110019626000440020730000210025195201050027299900170037700003666220200930075847.0120124s1953 es 000 0 spa d aDO-SdBNPbspacBNPHU1 aZweig, Stefand1881-194291334310aTres maestros :bBalzac, Dickens, Dostoievski /cStefan Zweig. a2a ed. aBarcelona :bEditorial Juventud,c1953. a238 p. ;c23 cm. 001050718MOaGRbGRcCTd2012-01-24iLF1l0o p36662-10r2020-06-25w2020-06-25y1ZNo se presta c36153d36153